Sports Quiz

Random Sports or NBA Quiz
Score 0/10 Timer 06:00
0 Plays Today
% Correct
Rudy Gay
99.2%
Tobias Harris
97.5%
Mike Conley
96.6%
Buddy Hield
96.2%
Eric Bledsoe
95.8%
CJ McCollum
95.3%
Hassan Whiteside
95.3%
Serge Ibaka
94.9%
Lou Williams
94.5%
Julius Randle
92.4%
Remove Ads.
Support Sporcle.
Get the best of Sporcle when you Go Orange. This ad-free experience offers more features, more stats, and more fun while also helping to support Sporcle. Thank you for becoming a member.

You're not logged in!

Compare scores with friends on all Sporcle quizzes.
OR
Log In

Sporcle TV

Today on Sporcle TV


Watch our educational content, quiz creation guides, and fun videos on Sporcle TV.

Show Comments

Extras

Top Quizzes Today


Score Distribution

Paid Content

Your Account Isn't Verified!

In order to create a playlist on Sporcle, you need to verify the email address you used during registration. Go to your Sporcle Settings to finish the process.

Report this User

Report this user for behavior that violates our Community Guidelines.

Details: